Breve historia de la guerra /

Bibliographic Details
Main Author: Dyer, Gwynne (Author)
Other Authors: Soler Chic, Joan (Translator)
Format: Electronic eBook
Language:Spanish
English
Published: Barcelona : Antoni Bosch editor, [2022]
Subjects:
Online Access:Digitalia Hispánica

MARC

LEADER 00000nam a2200000Ii 4500
001 DIGANBSCH0046
003 NyNyDIG
006 m o d
007 cr |||||||||||
008 240103s2022 sp a ob 000 0 spa d
035 |a (OCoLC)1402659918 
040 |a DGITA  |b eng  |e rda  |e pn  |c DGITA 
020 |a 9788412473605  |q eBook 
020 |z 9788412407662 
041 1 |a spa  |h eng 
050 1 4 |a U27 ebook 
082 0 4 |a 355.009  |2 23 
100 1 |a Dyer, Gwynne,  |e author. 
240 1 0 |a Shortest history of war.  |l Spanish  |s (Soler Chic) 
245 1 0 |a Breve historia de la guerra /  |c Gwynne Dyer ; traducción de Joan Soler Chic. 
264 1 |a Barcelona :  |b Antoni Bosch editor,  |c [2022] 
300 |a 1 online resource :  |b illustrations. 
336 |a text  |b txt  |2 rdacontent 
337 |a computer  |b c  |2 rdamedia 
338 |a online resource  |b cr  |2 rdacarrier 
347 |a text file  |2 rdaft 
347 |b EPUB 
504 |a Includes bibliographical references. 
588 0 |a Online resource; title from ePub title page (Digitalia, viewed January 3, 2024) 
650 0 |a War  |x History. 
650 0 |a Military art and science  |x History. 
700 1 |a Soler Chic, Joan,  |e translator.  
700 1 |i Translation of:  |a Dyer, Gwynne.  |t Shortest history of war. 
791 2 |a Digitalia (Firm),  |e distributor. 
793 0 |g Digitalia eBook Collection:  |a Antoni Bosch Editor 
776 0 8 |i Print version:  |a Dyer, Gwynne.  |s Shortest history of war. Spanish (Soler Chic).  |t Breve historia de la guerra.  |d Barcelona : Antoni Bosch editor, [2022]  |z 9788412407662 
856 4 0 |3 Digitalia Hispánica  |u https://www.digitaliapublishing.com/a/122110/ 
910 |a Premium collection: 2024